00660nam a2200169 a 450000100100000000500170001000800410002702000150006804000250008308200150010824501100012326000710023330000280030459000280033295201130036099900170047300004829320201002061042.0181213s2006 dr a r 000 0 spa d a9945856022 aDO-SdBNPbspacBNPHU axxxxbM29400aManual de capacitación en educación multicultural :buna propuesta para construir una cultura de paz. aSanto Domingo :bServicio Jesuita a Refugiados y Migrantes,c2006. a142 p. :bil. ;c27 cm. aInventariado, 2019 / DG 0010718PDaPDbPDcHDd2018-12-13iLF1l0oxxxx M294p48293-10r2020-06-25w2020-06-25yLFPDZNo se presta c47781d47781